Vzácnosti z fondu tepelských prvotisků

Titel: Vzácnosti z fondu tepelských prvotisků
Verfasser:
In: Knihy a dějiny, Band 6, Heft 1-2 (1999), Seite 36-47
alle Artikel anzeigen
Veröffentlicht: 1999
Format: Aufsatz
Sprache: Tschechisch
Schlagworte:
Kein Bild verfügbar
X
alg: 39310054
001A    $01999:11-11-16 
001B    $03025:27-03-26 $t12:19:15.000 
001C    $06050:19-11-16 $t22:31:34.000 
001D    $01999:11-11-16 
001U    $0utf8 
001X    $00 
002@    $0Aox 
003@    $0393100545 
007A    $0393100545 $aHEB 
007T    $0Herdp17805 
010@    $acze 
011@    $a1999 
021A    $aVzácnosti z fondu tepelských prvotisků 
028A    $aHlinomaz $dMilan 
031A    $d6 $e1-2 $h36-47 $j1999 
037A    $aRés. něm. s. 47: Raritäten aus dem Fonds der Tepler Wiegendrucke 
039B    $aIn $8--Abvc--. Knihy a dějiny. - Praha : KNAV ČR, Knihovědné Oddělení, 1994-. - ISSN 1210-8510 $x199900000060001964 $9060535342 
044K    $RStift Tepl $#Prämonstratenserkloster Tepl $#Prämonstratenserstift Tepl $#Premonstrátský Klášter Tepl $#Monasterium Teplense Ordinis Praemonstratensis $#Stift Tepl $#Teplá Monastery $#Premonstratensian Abbey Teplá $76024385-5 $8Klášter Premonstrátů$gTepl [Tb1] $910088508X 
045F    $a200.943710904 $eDDC23BSB 
045F/01 $a200.9 
045F/03 $f0904 
045F/03 $g4371 
045T    $a24,1 

lok: 39310054 78

exp: 39310054 78 1 #EPN
201B/01 $026-11-17 $t01:48:19.000 
201U/01 $0utf8 
203@/01 $078921086X 
208@/01 $a11-11-16 $be 
209A/01 $a/ $f000 $x00 
220C/01 $aHerkunft: Hú Av Čr Praha 
244Z/01 $#Tschechien $#Tschechische Republik $#Tschechien $#Tschechische Republik $#Tschechenland $#Tschechei Tschechien $#Česká Republika $#Czech Republic $#ČR $74303381-7 $8--Tg1--Tschechien $x01 $9086659812 
244Z/01 $2Trx $#Böhmen $#Bohemia $#Czechy $8--Trx--Čechy $x02 $9391188941 
244Z/01 $2Trx $#Tepl Karlsbad $#Tepl Stift $#Teplá klášter;Teplá $8--Trx--Teplá$gKarlovy Vary $x03 $9391352202 
244Z/01 $2Trx $#inkunaablid $#inkunabulai $#Incunabula $#ösnyomtatványok $#inkunabuły $#inkunábuly $#prvotisky $8--Trx--Inkunabeln $x04 $9391374273 
244Z/01 $2Trx $#kloostrid $#vienuolynai $#monasteries $#kolostorok $#klasztory $#kláštory $#kláštery $8--Trx--Klöster $x05 $9391383108 
244Z/01 $2Trx $8--Trx--Zeitschriftenaufsatz $x06 $9391384341 
247C/01 $82080>Marburg/Lahn, Herder-Institut, Forschungsbibliothek, Bibliographieportal $9336309341
LEADER 00000caa a22000002c 4500
001 393100545
003 DE-603
005 20260327121915.0
007 tu
008 161111s1999 xx |||| | u00||u|cze c
035 |a (DE-599)HEB393100545 
040 |a DE-603  |b ger  |c DE-603  |d DE-603 
041 |a cze 
082 0 4 |8 1\u  |a 200.943710904  |q DE-101  |2 23/BSB 
084 |a 24,1  |2 ssgn 
085 |8 1\u  |b 200.9 
085 |8 1\u  |z 1  |s 0904 
085 |8 1\u  |z 2  |s 4371 
100 1 |a Hlinomaz, Milan 
245 0 0 |a Vzácnosti z fondu tepelských prvotisků 
264 0 |c 1999 
500 |a Rés. něm. s. 47: Raritäten aus dem Fonds der Tepler Wiegendrucke 
610 1 7 |a Klášter Premonstrátů  |g Tepl  |2 gnd  |0 (DE-588)6024385-5  |0 (DE-603)10088508X 
773 0 8 |i In  |t Knihy a dějiny  |d Praha : KNAV ČR, Knihovědné Oddělení, 1994-  |x 1210-8510  |g Band 6, Heft 1-2 (1999), Seite 36-47  |w (DE-603)060535342  |w (DE-600)1305259-7 
924 0 |9 2080  |a (DE-603)78921086X  |b DE-2080  |c HES  |d d  |g /